00479nam a22001697a 4500003000400000020001900004082001800023100002100041245002200062250000800084260004400092300001000136650001600146942001200162952011800174999001700292SGT a978-0333936931 a611.013bH05S a Singh, Inderbir aHuman Embryyology a7TH aDelhi India bMacmillan Publisherc2005 a1-390 aEmbryyology 2ddccBK 00102ddc4070aFDbFDcTXTd2021-09-09eABCiSGTUl0o611.013 H05SpFD8435r2021-09-09 00:00:00w2021-09-09yBK c21822d21822